书目信息 |
| 题名: |
纯碱工业知识
|
|
| 作者: | ;大连制碱工业研究所 编 | |
| 分册: | ||
| 出版信息: | 北京 石油化学工业出版社 1975 |
|
| 页数: | 96页 | |
| 开本: | 19cm | |
| 丛书名: | ||
| 单 册: | ||
| 中图分类: | TQ114.1 | |
| 科图分类: | ||
| 主题词: | 纯碱生产 | |
| 电子资源: | ||
| ISBN: | ||
| 000 | 00650nam0 2200217 45 | |
| 001 | 0175002559 | |
| 005 | 20060429160834.51 | |
| 010 | @dCNY0.25 | |
| 100 | @a19951015d1975 em y0chiy0121 ea | |
| 101 | 0 | @achi |
| 102 | @aCN@b110000 | |
| 105 | @ay z 000yy | |
| 200 | 10 | @a纯碱工业知识@Achun jian gong ye zhi shi@f大连制碱工业研究所编@Fda lian zhi jian gong ye yan jiu suo bian |
| 210 | @a北京@c石油化学工业出版社@d1975 | |
| 215 | @a96页@d19cm | |
| 606 | @a纯碱生产 | |
| 690 | @aTQ114.1@v3 | |
| 711 | 02 | @a大连制碱工业研究所@Ada lian zhi jian gong ye yan jiu suo@4编 |
| 801 | 2 | @aCN@bNLC@c20060429 |
| 801 | 0 | @aCN@bTSSF |
| 905 | @a10447@dTQ114.1@e2 | |
| 纯碱工业知识/大连制碱工业研究所编.-北京:石油化学工业出版社,1975 |
| 96页;19cm |
| ISBN :CNY0.25 |
| ● |
| 相关链接 |
|
|
|
|
正题名:纯碱工业知识
索取号:TQ114.1/2
 
预约/预借
| 序号 | 登录号 | 条形码 | 馆藏地/架位号 | 状态 | 备注 |
| 1 | 0016401 | 202294436 | 密集书库/ [索取号:TQ114.1/2] | 在馆 | |
| 2 | 0016402 | 202294463 | 密集书库/ [索取号:TQ114.1/2] | 在馆 |